| 000 | 00702nam a22002057a 4500 | ||
|---|---|---|---|
| 003 | OSt | ||
| 005 | 20260129004606.0 | ||
| 008 | 260129b |||||||| |||| 00| 0 eng d | ||
| 020 | _a978419703683 | ||
| 040 |
_aDWCL GS library _cOC |
||
| 082 | _aF K 51d 2011 | ||
| 100 | _akinney, Jeff | ||
| 245 |
_aDiary of a wimpy kid _bCabin fever |
||
| 260 |
_aNew york _bWimpy kid Inc. _cc2011 |
||
| 300 |
_a217 _billustrations _c21cm |
||
| 520 | _aGreg struggles to stay on Santa's 'nice' list while snowed in with the rest of the Heffley family in the days leading up to Christmas | ||
| 546 | _aEnglish | ||
| 700 | _aJeff kinney | ||
| 942 |
_2ddc _cFIC. _hF K 51d 2011 _n0 |
||
| 999 |
_c7926 _d7926 |
||